Stratégia solárnych miest

Mesto ako jeden z najvyšších výtvorov ľudskej civilizácie. Medzinárodné iniciatívy na využitie solárnej energie v mestách. ISCI (International solar cities initiative) - Medzinárodná iniciatíva solárnych miest. Príklady solárnych miest. Daegu (Južná Kórea), Dezhou (Čína), Adelaide (Austrália), Santa...

Ausführliche Beschreibung

Gespeichert in:
Bibliographische Detailangaben
1. Verfasser: Keppl, Julián
Format: Buchkapitel
Sprache:Slowakisch
Schlagworte:
Tags: Tag hinzufügen
Keine Tags, Fügen Sie das erste Tag hinzu!

MARC

LEADER 00000naa$a2200000$$$4500
001 0089070
005 20231128132554.9
041 0 |a slo 
044 |a SK 
245 1 0 |a Stratégia solárnych miest  |c Julián Keppl 
520 |a Mesto ako jeden z najvyšších výtvorov ľudskej civilizácie. Medzinárodné iniciatívy na využitie solárnej energie v mestách. ISCI (International solar cities initiative) - Medzinárodná iniciatíva solárnych miest. Príklady solárnych miest. Daegu (Južná Kórea), Dezhou (Čína), Adelaide (Austrália), Santa Monica (USA), Oxford (Veľká Británia), Kodaň (Dánsko), Freiburg (Nemecko), Linz (Rakúsko). 
610 2 0 |a mestá 
610 2 0 |a energia slnečná 
610 2 0 |a spolupráca medzinárodná 
610 2 0 |a svet 
100 1 |a Keppl, Julián